| 000 | 00427pab a2200181 454500 | ||
|---|---|---|---|
| 008 | 180718b2012 xxu||||| |||| 00| 0 eng d | ||
| 100 | _aChabault, Denis | ||
| 245 | _aTalent management in clusters | ||
| 260 | _c2012 | ||
| 300 | _ap.327-335. | ||
| 362 | _aOct-Dec | ||
| 650 | _aTalent | ||
| 700 | _aSoparnot, Richard | ||
| 700 | _aHulin, Annabelle | ||
| 773 | _aOrganizational Dynamics | ||
| 908 | _aN | ||
| 909 | _a98213 | ||
| 999 |
_c98212 _d98212 |
||